EG London (Record no. 83860)

MARC details
000 -LEADER
fixed length control field 01020cab a22002415a 4500
001 - CONTROL NUMBER
control field L155429
008 - FIXED-LENGTH DATA ELEMENTS--GENERAL INFORMATION
fixed length control field 120321e20121203xxk 000 0 eng d
035 ## - SYSTEM CONTROL NUMBER
System control number (Sirsi) u155429
041 0# - LANGUAGE CODE
Language code of text/sound track or separate title eng
100 1# - MAIN ENTRY--PERSONAL NAME
Personal name Simmons, Mark
245 00 - TITLE STATEMENT
Title EG London
260 ## - PUBLICATION, DISTRIBUTION, ETC.
Place of publication, distribution, etc. London
Name of publisher, distributor, etc. Estates Gazette
Date of publication, distribution, etc. 2012
490 ## - SERIES STATEMENT
Series statement Estates Gazette
Volume/sequential designation (1209) 3 March 2012, 77-101 (19)
520 ## - SUMMARY, ETC.
Summary, etc. Includes spotlight on banking where some believe that there are many unresolved legacies from the 2008-09 crash. Also features the fortunes of technology, media and telecommunications firms and whether insurance companies will take over from the banks in contributing to the property lending sector. Further describes how London's property market will cope during the several weeks of disruption caused by the Olympics.
651 #4 - SUBJECT ADDED ENTRY--GEOGRAPHIC NAME
Geographic name London
690 ## - LOCAL SUBJECT ADDED ENTRY--TOPICAL TERM (OCLC, RLIN)
Topical term or geographic name as entry element Commercial property
9 (RLIN) 6227
700 1# - ADDED ENTRY--PERSONAL NAME
Personal name Thame, David
700 1# - ADDED ENTRY--PERSONAL NAME
Personal name Hamilton, Helen
700 1# - ADDED ENTRY--PERSONAL NAME
Personal name Morrison, Adrian
700 1# - ADDED ENTRY--PERSONAL NAME
Personal name Hawkes, Alex
700 1# - ADDED ENTRY--PERSONAL NAME
Personal name Jones, Sandra
942 ## - ADDED ENTRY ELEMENTS (KOHA)
Suppress in OPAC 0
Holdings
Withdrawn status Lost status Source of classification or shelving scheme Damaged status Not for loan Home library Current library Shelving location Date acquired Total Checkouts Full call number Barcode Date last seen Copy number Price effective from Koha item type
    Dewey Decimal Classification     London London Journal article 21/03/2012   L155429 155429-1001 06/08/2019 1 06/08/2019 Journal article